000 00426nam a2200169 a 4500
001 0000-8520
003 ELIB.Books
008 110520 1990
035 _a(ELIB.Books)0000-8665
082 _a230.095
_bGut
100 _aGutierrez, Gustavo
245 _aThe Truth shall Make You Free
260 _bNew York: Orbis Books
_c1990
650 _aTheology
942 _2ddc
_cBK
998 _cbat
_e2011-05-20
999 _c8520
_d8520